Riconosci lo Stadio italiano del satellite - Quiz n°1 - Statistics

Statistiche generali
  • Questo quiz è stato fatto 36 volte
  • Il punteggio medio è 6 su 12
Statistiche sulle risposte
con Immagini Risposta % Corretto
Stadio Giuseppe Meazza - Milano
97%
Stadio Giuseppe Sinigaglia - Como
86%
Allianz Stadium - Torino
83%
Stadio San Filippo-Franco Scoglio - Messina
59%
Mapei Stadium - Città del Tricolore - Reggio Emilia
55%
Stadio Domenico Francioni - Latina
55%
Stadio Carlo Castellani - Empoli
52%
Stadio Paolo Mazza - Ferrara
41%
Orogel Stadium-Dino Manuzzi - Cesena
24%
Stadio Brianteo - Monza
21%
Stadio Partenio-Adriano Lombardi - Avellino
17%
Stadio Franco Ossola - Varese
7%
Nessun quiz corrispondente trovato
Distribuzione punteggi
Percentuale di utenti per punteggio
Percentile per numero di risposta
I tuoi punteggi nel tempo
Non hai fatto questo quiz